[Event "GER-ch Net Amateur Gr-C Final"]
[Site "Playchess.com INT"]
[Date "2020.04.18"]
[Round "9"]
[White "Kullmann, Theo"]
[Black "Schreier, Markus"]
[Result "0-1"]
[WhiteElo "1564"]
[BlackElo "1733"]
[PlyCount "80"]
[EventDate "2020.04.18"]
[EventType "swiss (blitz)"]
[EventRounds "13"]
[EventCountry "GER"]
[SourceTitle "CBM 195 Extra"]
[Source "ChessBase"]
[SourceDate "2020.05.31"]
[SourceVersion "1"]
[SourceVersionDate "2020.05.31"]
[SourceQuality "1"]

1. e4 c5 2. Nc3 Nc6 3. d3 g6 4. g3 Bg7 5. Bg2 d6 6. Nge2 Nf6 7. 0-0 0-0 8. h3 h6 9. Kh2 a6 10. f4 Rb8 11. g4 b5 12. Ng3 Bb7 13. f5 Nd4 14. Be3 Nd7 15. Nce2 Nxe2 16. Qxe2 Kh7 17. c3 Ne5 18. Qd2 Qd7 19. b3 c4 20. d4 Nd3 21. g5 h5 22. f6 exf6 23. gxf6 Bh8 24. e5 Bxg2 25. Kxg2 dxe5 26. dxe5 Nxe5 27. Ne4 Qxd2+ 28. Bxd2 Rfd8 29. Ng5+ Kg8 30. Bf4 Re8 31. Rfe1 Nd3 32. Bxb8 Nxe1+ 33. Kf1 Bxf6 34. Nf3 Nxf3 35. Bf4 Bxc3 36. Kf2 Bxa1 37. Kxf3 cxb3 38. Kg3 b2 39. Kh4 b1Q 40. a4 Qf5 0-1

[Event "GER-ch Net Amateur Gr-C Final"]
[Site "Playchess.com INT"]
[Date "2020.04.18"]
[Round "10"]
[White "Schreier, Markus"]
[Black "Jathe, Tim"]
[Result "0-1"]
[WhiteElo "1733"]
[BlackElo "1766"]
[PlyCount "78"]
[EventDate "2020.04.18"]
[EventType "swiss (blitz)"]
[EventRounds "13"]
[EventCountry "GER"]
[SourceTitle "CBM 195 Extra"]
[Source "ChessBase"]
[SourceDate "2020.05.31"]
[SourceVersion "1"]
[SourceVersionDate "2020.05.31"]
[SourceQuality "1"]

1. e4 c5 2. Nc3 Nc6 3. g3 g6 4. Bg2 Bg7 5. d3 e5 6. Be3 d6 7. Qd2 h6 8. Nge2 Nge7 9. 0-0 Bg4 10. f3 Be6 11. f4 Qd7 12. Rf2 0-0-0 13. Raf1 Bh3 14. Bxh3 Qxh3 15. f5 gxf5 16. exf5 Bf6 17. Ne4 Bg5 18. Nxg5 hxg5 19. Bxg5 Rdg8 20. Bxe7 Nxe7 21. f6 Nf5 22. Kh1 Nxg3+ 23. Nxg3 Rxg3 24. Rg2 Rxg2 25. Qxg2 Qxg2+ 26. Kxg2 Rh6 27. Rf3 Kd7 28. Kg3 Ke6 29. h4 Rxf6 30. Rxf6+ Kxf6 31. Kg4 Kg6 32. h5+ Kg7 33. Kg5 d5 34. Kf5 f6 35. h6+ Kxh6 36. Kxf6 e4 37. Kf5 e3 38. Kf4 e2 39. Kf3 e1Q 0-1

[Event "GER-ch Net Amateur Gr-C Final"]
[Site "Playchess.com INT"]
[Date "2020.04.18"]
[Round "11"]
[White "Serrer, David"]
[Black "Schreier, Markus"]
[Result "1-0"]
[WhiteElo "1727"]
[BlackElo "1733"]
[PlyCount "69"]
[EventDate "2020.04.18"]
[EventType "swiss (blitz)"]
[EventRounds "13"]
[EventCountry "GER"]
[SourceTitle "CBM 195 Extra"]
[Source "ChessBase"]
[SourceDate "2020.05.31"]
[SourceVersion "1"]
[SourceVersionDate "2020.05.31"]
[SourceQuality "1"]

1. d4 d5 2. c4 dxc4 3. e4 c5 4. d5 e6 5. Bxc4 exd5 6. Qxd5 Qxd5 7. Bxd5 Nf6 8. Nc3 a6 9. Bg5 Be7 10. Nf3 Nbd7 11. 0-0 Nb6 12. Bb3 Bg4 13. Rad1 Bxf3 14. gxf3 h6 15. Be3 0-0 16. e5 Nh7 17. e6 fxe6 18. Bxe6+ Kh8 19. Kg2 Rad8 20. Ne4 Nf6 21. Nxc5 Bxc5 22. Bxc5 Rxd1 23. Rxd1 Re8 24. Bf7 Nbd7 25. Bxe8 Nxc5 26. Bg6 Ncd7 27. Bf5 Nf8 28. Rd8 Kg8 29. Be6+ Kh7 30. Rxf8 Kg6 31. Bf7+ Kh7 32. Rb8 b5 33. Rb6 Nd7 34. Rxa6 Ne5 35. Bd5 1-0

[Event "GER-ch Net Amateur Gr-C Vor3"]
[Site "Playchess.com INT"]
[Date "2020.04.16"]
[Round "5"]
[White "Fleischmann, Theo"]
[Black "Schreier, Markus"]
[Result "0-1"]
[WhiteElo "1563"]
[BlackElo "1729"]
[PlyCount "60"]
[EventDate "2020.04.16"]
[EventType "swiss (blitz)"]
[EventRounds "9"]
[EventCountry "GER"]
[SourceTitle "CBM 195 Extra"]
[Source "ChessBase"]
[SourceDate "2020.05.31"]
[SourceVersion "1"]
[SourceVersionDate "2020.05.31"]
[SourceQuality "1"]

1. d4 d5 2. c4 dxc4 3. e4 e5 4. Bxc4 Qxd4 5. Qxd4 exd4 6. Nf3 Nc6 7. a3 a6 8. Ng5 Nh6 9. f4 f6 10. Ne6 Bxe6 11. Bxe6 Bc5 12. 0-0 Ke7 13. Bd5 Kd6 14. Nd2 b5 15. b4 Bb6 16. Nb3 Rad8 17. Kh1 Ng4 18. h3 Nh6 19. Bb2 Rhe8 20. Rac1 Ne7 21. Bxd4 Bxd4 22. Nxd4 Nxd5 23. Rc6+ Ke7 24. exd5 Rxd5 25. Re1+ Kd7 26. Rxe8 Rxd4 27. Rxc7+ Kxc7 28. Re7+ Rd7 29. Re4 Nf5 30. g4 Ng3+ 0-1

[Event "GER-ch Net Amateur Gr-C Vor3"]
[Site "Playchess.com INT"]
[Date "2020.04.16"]
[Round "7"]
[White "Schreier, Markus"]
[Black "Helmer, Andreas"]
[Result "0-1"]
[WhiteElo "1729"]
[BlackElo "1605"]
[PlyCount "58"]
[EventDate "2020.04.16"]
[EventType "swiss (blitz)"]
[EventRounds "9"]
[EventCountry "GER"]
[SourceTitle "CBM 195 Extra"]
[Source "ChessBase"]
[SourceDate "2020.05.31"]
[SourceVersion "1"]
[SourceVersionDate "2020.05.31"]
[SourceQuality "1"]

1. e4 c5 2. Nc3 Nc6 3. g3 g6 4. Bg2 Bg7 5. d3 d6 6. Be3 Nf6 7. Qd2 0-0 8. h3 Nd4 9. Nce2 Nxe2 10. Nxe2 Nd7 11. c3 b5 12. Bh6 a5 13. Bxg7 Kxg7 14. h4 Ne5 15. h5 c4 16. hxg6 Nxd3+ 17. Kf1 fxg6 18. Qh6+ Kf7 19. Qxh7+ Ke8 20. Qxg6+ Kd7 21. f4 Qb6 22. Nd4 e5 23. Bh3+ Kc7 24. Qg7+ Kb8 25. Qxf8 exd4 26. Qxc8+ Ka7 27. Qd7+ Ka6 28. cxd4 Qxd4 29. Qc7 Qf2# 0-1

[Event "GER-ch Net Amateur Gr-C Vor2"]
[Site "Playchess.com INT"]
[Date "2020.04.15"]
[Round "3"]
[White "Schreier, Markus"]
[Black "Habinski, David"]
[Result "1-0"]
[WhiteElo "1681"]
[BlackElo "1438"]
[PlyCount "81"]
[EventDate "2020.04.15"]
[EventType "swiss (blitz)"]
[EventRounds "9"]
[EventCountry "GER"]
[SourceTitle "CBM 196 Extra"]
[Source "ChessBase"]
[SourceDate "2020.07.31"]
[SourceVersion "1"]
[SourceVersionDate "2020.07.31"]
[SourceQuality "1"]

1. e4 e6 2. d3 d5 3. Nd2 Nf6 4. Ngf3 dxe4 5. dxe4 Be7 6. g3 0-0 7. Bg2 Nc6 8. 0-0 b6 9. e5 Nd5 10. Re1 Bb7 11. a3 Ba6 12. c4 Bc5 13. cxd5 Qxd5 14. Ng5 Qd4 15. Nb3 Qxf2+ 16. Kh1 Bb7 17. Nxc5 bxc5 18. Be3 Qf5 19. Bf4 h6 20. Be4 Nd4 21. Bxb7 Qc2 22. Qxc2 Nxc2 23. Bxa8 Nxe1 24. Be4 Nc2 25. Bxc2 hxg5 26. Bxg5 Re8 27. Rd1 Rb8 28. b3 g6 29. Bf6 Kh7 30. Kg2 Rf8 31. Rd7 Rb8 32. Rxc7 c4 33. b4 a5 34. Rxc4 axb4 35. Rxb4 Ra8 36. a4 Rc8 37. Be4 Rc3 38. Rb8 Rc2+ 39. Kh3 Rxh2+ 40. Kxh2 Kh6 41. Rh8# 1-0

[Event "GER-ch Net Amateur Gr-C Vor2"]
[Site "Playchess.com INT"]
[Date "2020.04.15"]
[Round "6"]
[White "Schreier, Markus"]
[Black "Serrer, David"]
[Result "0-1"]
[WhiteElo "1714"]
[BlackElo "1676"]
[PlyCount "80"]
[EventDate "2020.04.15"]
[EventType "swiss (blitz)"]
[EventRounds "9"]
[EventCountry "GER"]
[SourceTitle "CBM 196 Extra"]
[Source "ChessBase"]
[SourceDate "2020.07.31"]
[SourceVersion "1"]
[SourceVersionDate "2020.07.31"]
[SourceQuality "1"]

1. e4 c5 2. Nc3 Nc6 3. g3 g6 4. Bg2 Bg7 5. d3 e5 6. Be3 d6 7. Qd2 Be6 8. h3 Nge7 9. Bh6 0-0 10. Bxg7 Kxg7 11. Nge2 f5 12. exf5 Nxf5 13. 0-0-0 a6 14. f4 Qc7 15. fxe5 Nxe5 16. g4 Nd4 17. Nxd4 cxd4 18. Ne4 Bxa2 19. Rdf1 Rac8 20. Ng5 Bb3 21. Ne6+ Bxe6 22. h4 Bb3 23. Rxf8 Qxc2+ 24. Qxc2 Rxc2+ 25. Kb1 Kxf8 26. Bd5 Nxd3 27. Rf1+ Ke7 28. Bxb3 Rxb2+ 29. Ka1 Rxb3 30. Rf3 Rc3 31. Kb1 Ne5 32. Rf4 d3 33. Rd4 Rc4 34. Rxc4 Nxc4 35. Kc1 d2+ 36. Kd1 a5 37. h5 gxh5 38. gxh5 a4 39. h6 a3 40. Kc2 a2 0-1

[Event "GER-ch Net Amateur Gr-C Vor2"]
[Site "Playchess.com INT"]
[Date "2020.04.15"]
[Round "9"]
[White "Segermann, Nils"]
[Black "Schreier, Markus"]
[Result "1/2-1/2"]
[WhiteElo "1830"]
[BlackElo "1719"]
[PlyCount "120"]
[EventDate "2020.04.15"]
[EventType "swiss (blitz)"]
[EventRounds "9"]
[EventCountry "GER"]
[SourceTitle "CBM 196 Extra"]
[Source "ChessBase"]
[SourceDate "2020.07.31"]
[SourceVersion "1"]
[SourceVersionDate "2020.07.31"]
[SourceQuality "1"]

1. e4 c5 2. Bc4 Nc6 3. a3 g6 4. d3 Bg7 5. c3 Nf6 6. Bg5 h6 7. Bxf6 Bxf6 8. Ne2 d6 9. 0-0 0-0 10. f4 a6 11. f5 Kh7 12. fxg6+ fxg6 13. Ng3 b5 14. Bd5 Bb7 15. Bb3 Qd7 16. Bc2 Bg7 17. Nd2 Rxf1+ 18. Qxf1 Rf8 19. Qe2 Ne5 20. Rf1 Qe8 21. Nf3 Nxf3+ 22. Rxf3 Rxf3 23. Qxf3 Qf8 24. Qxf8 Bxf8 25. Kf2 Bg7 26. Ke3 Bf6 27. d4 Bg5+ 28. Kf3 cxd4 29. cxd4 Bc1 30. b3 Bxa3 31. d5 Bb2 32. Ne2 Be5 33. h3 Bc8 34. Ke3 e6 35. Nd4 Bxd4+ 36. Kxd4 e5+ 37. Kc3 a5 38. Bd3 Bd7 39. Kd2 g5 40. Ke3 Kg6 41. Kf3 h5 42. Kg3 Kf6 43. Be2 h4+ 44. Kf3 a4 45. bxa4 bxa4 46. Bc4 Ke7 47. Ke3 Kd8 48. Kd3 Kc7 49. Kc3 Kb6 50. Kb4 Be8 51. Be2 Bd7 52. Bf3 Bb5 53. Bd1 Bd3 54. Bf3 Bc2 55. Kc3 Bb3 56. Kb4 Bc2 57. Kc3 Bb3 58. Kb4 Kc7 59. Be2 Bc2 60. Bf3 Kb6 1/2-1/2

[Event "GER-ch Net Amateur Gr-C Vor1"]
[Site "Playchess.com INT"]
[Date "2020.04.14"]
[Round "4"]
[White "Schreier, Markus"]
[Black "Cancedda, Bastian"]
[Result "1-0"]
[WhiteElo "1618"]
[BlackElo "1620"]
[PlyCount "47"]
[EventDate "2020.04.14"]
[EventType "swiss (blitz)"]
[EventRounds "9"]
[EventCountry "GER"]
[SourceTitle "CBM 196 Extra"]
[Source "ChessBase"]
[SourceDate "2020.07.31"]
[SourceVersion "1"]
[SourceVersionDate "2020.07.31"]
[SourceQuality "1"]

1. e4 e5 2. Nf3 Nc6 3. Bc4 Bc5 4. c3 Nf6 5. d3 d6 6. Nbd2 Bg4 7. h3 Bh5 8. 0-0 0-0 9. Re1 h6 10. Nf1 a6 11. Ng3 Bxf3 12. Qxf3 Ne7 13. Be3 Bxe3 14. fxe3 c6 15. Bb3 Ng6 16. Rf1 b5 17. Nh5 Nh4 18. Nxf6+ gxf6 19. Qg4+ Ng6 20. Qxg6+ Kh8 21. Qxh6+ Kg8 22. Rf3 f5 23. Rg3+ Qg5 24. Rxg5# 1-0

[Event "GER-ch Net Amateur Gr-C Vor1"]
[Site "Playchess.com INT"]
[Date "2020.04.14"]
[Round "1"]
[White "Schreier, Markus"]
[Black "Hockenjos, Marius"]
[Result "1-0"]
[WhiteElo "1632"]
[BlackElo "1557"]
[PlyCount "61"]
[EventDate "2020.04.14"]
[EventType "swiss (blitz)"]
[EventRounds "9"]
[EventCountry "GER"]
[SourceTitle "CBM 196 Extra"]
[Source "ChessBase"]
[SourceDate "2020.07.31"]
[SourceVersion "1"]
[SourceVersionDate "2020.07.31"]
[SourceQuality "1"]

1. e4 e6 2. d3 d5 3. Nd2 Nf6 4. Ngf3 c5 5. g3 Nc6 6. Bg2 dxe4 7. dxe4 Be7 8. 0-0 0-0 9. e5 Nd7 10. Re1 Qc7 11. Qe2 b6 12. Nf1 Bb7 13. c3 Rad8 14. Bf4 Rfe8 15. Ne3 Ncxe5 16. Nxe5 Bxg2 17. Nxf7 Qb7 18. Nxd8 Rxd8 19. Nxg2 Nf8 20. Rad1 Qc7 21. Bxc7 Rc8 22. Bf4 Kh8 23. h4 Rc6 24. Qf3 Rc8 25. Ne3 a6 26. Ng4 b5 27. Qe3 c4 28. Ne5 Kg8 29. Qf3 a5 30. Be3 b4 31. Qf7+ 1-0

[Event "GER-ch Net Amateur Gr-C Vor1"]
[Site "Playchess.com INT"]
[Date "2020.04.14"]
[Round "8"]
[White "Schreier, Markus"]
[Black "Stadtmueller, Max"]
[Result "1-0"]
[WhiteElo "1602"]
[BlackElo "1620"]
[PlyCount "29"]
[EventDate "2020.04.14"]
[EventType "swiss (blitz)"]
[EventRounds "9"]
[EventCountry "GER"]
[SourceTitle "CBM 196 Extra"]
[Source "ChessBase"]
[SourceDate "2020.07.31"]
[SourceVersion "1"]
[SourceVersionDate "2020.07.31"]
[SourceQuality "1"]

1. e4 c6 2. d3 d5 3. Nd2 dxe4 4. dxe4 e5 5. Ngf3 Bd6 6. h3 Nf6 7. g3 Be6 8. Bg2 Nbd7 9. 0-0 Nc5 10. Re1 Qd7 11. Ng5 h6 12. Nxe6 Qe7 13. Nxg7+ Kd8 14. Nf5 Qc7 15. Nc4 1-0